Avonam : kapitoly o sionismu a trauma viny : esej o vině a trestu / Efraim K. Sidon
Record details
- ISBN: 978-80-908640-0-9
- Physical Description: 165 stran ; 20 cm
- Publisher: Praha : Jiří Blažek, 2022
Content descriptions
| General Note: | Správné ISBN do tiráže publikace pouze vlepeno Správné místo vydání: Pyšely |
| Language Note: | Český text |
Search for related items by subject
| Genre: | eseje úvahy essays |
Available copies
- 1 of 1 copy available at Common Catalog SPOK.
Holds
- 0 current holds with 1 total copy.
Show Only Available Copies
| Location | Call Number / Copy Notes | Barcode | Shelving Location | Status | Due Date |
|---|---|---|---|---|---|
| The Jewish community of Prague | J 2170 | 4638301869 | J - Judaika | Available | - |
| LDR | 02336nam a2200637 i 4500 | ||
|---|---|---|---|
| 001 | 54141 | ||
| 003 | CZ-PrJAB | ||
| 005 | 20230301100955.0 | ||
| 007 | ta | ||
| 008 | 220908s2022 xr e 000 e cze | ||
| 015 | . | ‡acnb003446712 | |
| 020 | . | ‡a978-80-908640-0-9 ‡q(brožováno) ‡z978-80-906510-0-5 | |
| 035 | . | ‡a(CZ PrNK)nkc20223446712 | |
| 035 | . | ‡a(OCoLC)1357139177 | |
| 040 | . | ‡aBOA001 ‡bcze ‡dABA001 ‡erda | |
| 072 | 7. | ‡a26 ‡xJudaismus ‡2Konspekt ‡95 | |
| 080 | . | ‡a323.13(=411.16) ‡2MRF | |
| 080 | . | ‡a26 ‡2MRF | |
| 080 | . | ‡a26-1/-9 ‡2MRF | |
| 080 | . | ‡a17.022.2 ‡2MRF | |
| 080 | . | ‡a94(=411.16) ‡2MRF | |
| 080 | . | ‡a314.15-026.49 ‡2MRF | |
| 080 | . | ‡a26-024.62 ‡2MRF | |
| 080 | . | ‡a316.344.8(=411.16) ‡2MRF | |
| 080 | . | ‡a(0:82-4) ‡2MRF | |
| 100 | 1 | . | ‡aSidon, Karol, ‡d1942- ‡7jk01111263 ‡4aut |
| 245 | 1 | 0. | ‡aAvonam : ‡bkapitoly o sionismu a trauma viny : esej o vině a trestu / ‡cEfraim K. Sidon |
| 264 | 1. | ‡aPraha : ‡bJiří Blažek, ‡c2022 | |
| 300 | . | ‡a165 stran ; ‡c20 cm | |
| 336 | . | ‡atext ‡btxt ‡2rdacontent | |
| 337 | . | ‡abez média ‡bn ‡2rdamedia | |
| 338 | . | ‡asvazek ‡bnc ‡2rdacarrier | |
| 500 | . | ‡aSprávné ISBN do tiráže publikace pouze vlepeno | |
| 500 | . | ‡aSprávné místo vydání: Pyšely | |
| 546 | . | ‡aČeský text | |
| 650 | 0 | 7. | ‡asionismus ‡7ph125549 ‡2czenas |
| 650 | 0 | 7. | ‡ajudaismus ‡7ph114838 ‡2czenas |
| 650 | 0 | 7. | ‡aučení judaismu ‡7ph162852 ‡2czenas |
| 650 | 0 | 7. | ‡avina a trest ‡7ph127103 ‡xjudaistické pojetí ‡2czenas |
| 650 | 0 | 7. | ‡adějiny Židů ‡7ph489410 ‡2czenas |
| 650 | 0 | 7. | ‡aexil ‡7ph120088 ‡xjudaistické pojetí ‡2czenas |
| 650 | 0 | 7. | ‡ažidovská diaspora ‡7ph166067 ‡2czenas |
| 650 | 0 | 7. | ‡ažidovství ‡7ph128010 ‡2czenas |
| 650 | 0 | 9. | ‡aZionism ‡2eczenas |
| 650 | 0 | 9. | ‡aJudaism ‡2eczenas |
| 650 | 0 | 9. | ‡adoctrine of Judaism ‡2eczenas |
| 650 | 0 | 9. | ‡aguilt and punishment ‡xJudaic approach ‡2eczenas |
| 650 | 0 | 9. | ‡ahistory of the Jews ‡2eczenas |
| 650 | 0 | 9. | ‡aexile ‡xJudaic approach ‡2eczenas |
| 650 | 0 | 9. | ‡aJewish diaspora ‡2eczenas |
| 650 | 0 | 9. | ‡aJewry ‡2eczenas |
| 655 | 7. | ‡aeseje ‡7fd132213 ‡2czenas | |
| 655 | 7. | ‡aúvahy ‡7fd134000 ‡2czenas | |
| 655 | 9. | ‡aessays ‡2eczenas | |
| 910 | . | ‡aABE461 | |
| 995 | . | ‡aska | |
| 901 | . | ‡a54141 ‡bAUTOGEN ‡c54141 ‡tbiblio | |